00350nam a2200121Ia 4500008004100000041000800041082001600049100001700065245005800082260004400140300003300184365001100217240624s9999 xx 000 0 und d aeng a658.562 BHO aBHOTE KEKI R aULTIMATE SIX SIGMA BEYOND QUALITY EXCELLENCE TO TOTAL c2007aNew DelhibPrentice-Hall of India axxxvi, : 404 : p. : cm. ; 23 cRSb36